Statistics for 100 Famous Neighbourhoods

Click here to take the quiz!

General Stats

  • This quiz has been taken 60 times
  • The average score is 27 of 100

Answer Stats

NeighbourhoodCity% Correct
GangnamSeoul
92%
ShinjukuTokyo
90%
CopacabanaRio de Janeiro
81%
Little HavanaMiami
75%
WaikikiHonolulu
71%
Bel AirLos Angeles
71%
Camden TownLondon
69%
TribecaNew York City
69%
Le MaraisParis
69%
ComptonLos Angeles
60%
Hell's KitchenNew York City
60%
TreviRome
60%
Prenzlauer BergBerlin
58%
BondiSydney
58%
De WallenAmsterdam
56%
ChristianshavnCopenhagen
56%
KreuzbergBerlin
52%
MontparnasseParis
52%
Flatiron DistrictNew York City
50%
MayfairLondon
46%
WhitechapelLondon
44%
VauxhallLondon
42%
Quartieri SpagnoliNaples
42%
ItaewonSeoul
40%
JaffaTel Aviv
40%
San MarcoVenice
40%
HolešovicePrague
38%
Gothic QuarterBarcelona
35%
Shepherd's BushLondon
33%
Gamla StanStockholm
33%
La BocaBuenos Aires
31%
Kitay-gorodMoscow
31%
The LoopChicago
29%
Temple BarDublin
29%
Studio CityLos Angeles
29%
MalasañaMadrid
29%
Music RowNashville
29%
Mission DistrictSan Francisco
29%
Waitan (The Bund)Shanghai
29%
St LawrenceToronto
29%
Rajiv ChowkNew Delhi
27%
Ko RatanakosinBangkok
25%
Beacon HillBoston
25%
HolyroodEdinburgh
25%
GalataIstanbul
25%
MaxvorstadtMunich
25%
AkihabaraTokyo
25%
Foggy BottomWashington D.C.
25%
Causeway BayHong Kong
23%
KazimierzKrakow
23%
Park SlopeNew York City
23%
La JollaSan Diego
23%
Kampong GlamSingapore
23%
Circular QuaySydney
23%
Bo-KaapCape Town
21%
St KildaMelbourne
21%
Surfers ParadiseGold Coast
19%
PunavuoriHelsinki
19%
Sheikh JarrahJerusalem
17%
GastownVancouver
17%
PlakaAthens
15%
Repulse BayHong Kong
15%
FootscrayMelbourne
15%
GowanusNew York City
15%
FremantlePerth
15%
Russian HillSan Francisco
15%
EncinoLos Angeles
13%
Presqu'îleLyon
13%
PolancoMexico City
13%
Te AroWellington
13%
SanlitunBeijing
10%
Fortitude ValleyBrisbane
10%
Mid-LevelsHong Kong
10%
MabonengJohannesburg
10%
BreraMilan
10%
TreméNew Orleans
8%
HamraBeirut
6%
ChapineroBogota
6%
ChowringheeKolkata
6%
Chow KitKuala Lumpur
6%
PocitosMontevideo
6%
ByWard MarketOttawa
6%
Fell's PointBaltimore
4%
IndautxuBilbao
4%
ZamalekCairo
4%
CorktownDetroit
4%
OltrarnoFlorence
4%
MouassineMarrakesh
4%
ColabaMumbai
4%
Queen AnneSeattle
4%
Old Fourth WardAtlanta
2%
Cathedral QuarterBelfast
2%
The LanesBrighton
2%
Deep EllumDallas
2%
Shaughnessy VillageMontreal
2%
Pearl DistrictPortland
2%
Merchant CityGlasgow
0%
Bahama VillageKey West
0%
Cooper-YoungMemphis
0%
ArcadiaPhoenix
0%

Score Distribution

Percentile by Number Answered

Percent of People with Each Score

Your Score History

You have not taken this quiz